Filósofos y educadores
Uloženo v:
| Hlavní autor: | |
|---|---|
| Médium: | Kniha |
| Jazyk: | španělština |
| Vydáno: |
Buenos Aires
El Ateneo
1962
|
| Témata: | |
| Tagy: |
Přidat tag
Žádné tagy, Buďte první, kdo vytvoří štítek k tomuto záznamu!
|
MARC
| LEADER | 00000nam a2200000 a 4500 | ||
|---|---|---|---|
| 001 | UCZ6448 | ||
| 003 | CL-VaPUC | ||
| 005 | 20221118104503.0 | ||
| 008 | 951211e19620000AG |||||||||||||||||spa|d | ||
| 999 | |c 242650 |d 242648 | ||
| 040 | |c Pontificia Universidad Católica de Valparaíso | ||
| 082 | 0 | 4 | |a 921.883 |b MAN |2 21 |
| 100 | |a Mantovani, Juan |e autor |9 519137 | ||
| 245 | 1 | 0 | |a Filósofos y educadores |
| 260 | |a Buenos Aires |b El Ateneo |c 1962 | ||
| 300 | |a 145 p | ||
| 583 | |a last modification |c 19951211 00:00:00 |k Rodrigo Vera | ||
| 600 | 0 | |a Comenio, Juan Amos |d 1592-1670 |q Komenský, Jan Amos |9 859604 | |
| 600 | 0 | |a James, William |d 1842-1910 |9 857870 | |
| 600 | 0 | 7 | |a DEWEY, JOHN |2 CL-VaPUC |9 328380 |
| 600 | 0 | 7 | |a Ortega y Gasset, José, |d 1883-1955 |9 551380 |
| 600 | 0 | 7 | |a GUTIERREZ, JUAN MARIA |2 CL-VaPUC |9 350748 |
| 600 | 0 | 7 | |a RIVAROLA, RODOLFO |2 CL-VaPUC |9 350749 |
| 600 | 0 | 7 | |a BUNGE, CARLOS OCTAVIO |2 CL-VaPUC |9 313781 |
| 600 | 0 | 7 | |a Korn, Alejandro |d 1860-1936 |9 859626 |
| 650 | 0 | |a Filósofos |9 269126 | |
| 650 | 0 | |a Filosofía de la educación |9 258384 | |
| 650 | 0 | |a Biografías |9 255210 | |
| 650 | 0 | |a Escuelas filosóficas |9 266232 | |
| 852 | |a BIBCUR | ||
| 942 | |c BK |2 ddc | ||
| 945 | |d 19951211 00:00:00 |a cmena | ||
| 952 | |0 0 |1 0 |4 0 |6 921_883000000000000_MAN_1962 |7 0 |8 P |9 255733 |a BIBEDU |b BIBEDU |d 2019-11-19 |i 2834294 |o 921.883 MAN 1962 |p 2834294 |r 2019-11-19 |w 2019-11-19 |y BK |k EDU | ||
| 952 | |0 0 |1 0 |4 0 |6 921_883000000000000_MAN_1962 |7 0 |8 P |9 255734 |a BIBEDU |b BIBEDU |d 2019-11-19 |i 163223K |o 921.883 MAN 1962 |p 163223K |r 2019-11-19 |w 2019-11-19 |y BK |k EDU | ||
| 952 | |0 0 |1 0 |4 0 |6 921_883000000000000_MAN_1962 |7 0 |8 P |9 255735 |a BIBEDU |b BIBEDU |d 2019-11-19 |i 2012510 |o 921.883 MAN 1962 |p 2012510 |r 2019-11-19 |w 2019-11-19 |y BK |k EDU | ||